| 000 | 00944naa a2200253 4500 | ||
|---|---|---|---|
| 005 | 20090526155818.0 | ||
| 008 | 090526t xxu||||| |||| 00| 0 eng d | ||
| 010 | _aENG-93744 | ||
| 020 |
_a8170249600 _c700.00 |
||
| 035 | _aEN-77277 | ||
| 037 | _bDBAD / PUB | ||
| 040 |
_adpl _bEnglish |
||
| 082 | _a628.5 | ||
| 100 | _aAgarwal,S.K. | ||
| 245 |
_aEnvironmental biotechnology / _cby S.K. Agarwal |
||
| 260 |
_aNew Delhi _bAPH Publishing Corporatioon _c2009 |
||
| 270 |
_a4435-36/7, Ansari Road, Darya Ganj _bNew Delhi _e110 002 _maphbooks@vsnl.net _k011 23274050 |
||
| 300 |
_aix, 389p. _b23cm(Hb) |
||
| 500 | _aIncludes references and index | ||
| 650 | _aEnvironmental biotechnology | ||
| 710 | _a. | ||
| 942 |
_adpl _cEN _2ddc _h628.5 _mAGA |
||
| 999 |
_c26832 _d26832 |
||